[Event "FAI-chT2 2021"]
[Site "Faroe Islands"]
[Date "2020.10.11"]
[Round "2.1"]
[White "Olsen, Rogvi M"]
[Black "Berg, Margar"]
[Result "0-1"]
[WhiteElo "1873"]
[BlackElo "1912"]
[PlyCount "52"]
[EventDate "2020.10.04"]
[EventType "team-tourn"]
[EventRounds "10"]
[EventCountry "FAI"]
[SourceTitle "EXT 2022"]
[Source "ChessBase"]
[SourceDate "2021.10.06"]
[SourceVersion "1"]
[SourceVersionDate "2021.10.06"]
[SourceQuality "1"]
[WhiteTeam "Runavik"]
[BlackTeam "Havnin III"]
[WhiteTeamCountry "FAI"]
[BlackTeamCountry "FAI"]

1. e4 e5 2. Nf3 Nf6 3. Bc4 Nxe4 4. Bxf7+ Kxf7 5. Nxe5+ Kg8 6. Qh5 Qe7 7. 0-0 d6 8. Nf3 Qf7 9. Qh4 Nf6 10. Nc3 Be7 11. Ng5 Qh5 12. Qc4+ Kf8 13. d3 h6 14. Nf3 Nc6 15. Re1 Bg4 16. Nd4 d5 17. Qa4 Bd6 18. f4 Bc5 19. Ncb5 a6 20. Kh1 Rc8 21. Nxc6 bxc6 22. Nc3 Bf2 23. Re5 Bf5 24. h3 d4 25. Ne4 Qd1+ 26. Kh2 Qg1# 0-1

[Event "FAI-chT2 1617"]
[Site "Faroe Islands"]
[Date "2016.10.23"]
[Round "1.2"]
[White "Olsen, Rogvi M"]
[Black "Isaksen, Reinhold"]
[Result "1/2-1/2"]
[WhiteElo "1885"]
[BlackElo "1845"]
[PlyCount "95"]
[EventDate "2016.10.23"]
[EventType "team-tourn"]
[EventRounds "10"]
[EventCountry "FAI"]
[SourceTitle "EXT 2020"]
[Source "ChessBase"]
[SourceDate "2019.10.17"]
[SourceVersion "1"]
[SourceVersionDate "2019.10.17"]
[SourceQuality "1"]
[WhiteTeam "Toftir"]
[BlackTeam "Gota"]
[WhiteTeamCountry "FAI"]
[BlackTeamCountry "FAI"]

1. e4 e5 2. Nf3 Nc6 3. Bb5 a6 4. Ba4 Nf6 5. 0-0 b5 6. Bb3 Bb7 7. Re1 Bc5 8. c3 Ng4 9. Rf1 Bb6 10. d4 0-0 11. h3 Nf6 12. Re1 d6 13. d5 Na5 14. Bc2 c6 15. dxc6 Bxc6 16. Nbd2 Qc7 17. Nf1 Nb7 18. Bg5 Nd7 19. Ng3 f6 20. Be3 Ndc5 21. Nh4 g6 22. Bh6 Rfd8 23. Qg4 Bd7 24. Qf3 Kf7 25. Bg5 Kg8 26. Bh6 Kf7 27. Be3 Kg7 28. Rad1 Ne6 29. Bxb6 Qxb6 30. Qe3 Qc7 31. Nf3 Nf4 32. Ne2 g5 33. Nxf4 gxf4 34. Qe2 Kh8 35. Nh4 Rg8 36. Qh5 Bxh3 37. Bb3 Rg5 38. Qh6 Qg7 39. Qxg7+ Kxg7 40. Kh2 Bg4 41. Rd2 Rb8 42. g3 fxg3+ 43. fxg3 Kf8 44. Rf2 Ke7 45. Bd1 Be6 46. a3 Nc5 47. Bc2 Rbg8 48. Re3 1/2-1/2

[Event "FAI-chT 1314"]
[Site "Torshavn"]
[Date "2013.10.27"]
[Round "1.3"]
[White "Hansen, Herluf"]
[Black "Olsen, Rogvi M"]
[Result "1/2-1/2"]
[WhiteElo "2028"]
[BlackElo "1922"]
[PlyCount "118"]
[EventDate "2013.10.27"]
[EventType "team-tourn"]
[EventRounds "10"]
[EventCountry "FAI"]
[SourceTitle "EXT 2015"]
[Source "ChessBase"]
[SourceDate "2014.11.20"]
[SourceVersion "1"]
[SourceVersionDate "2014.11.20"]
[SourceQuality "1"]
[WhiteTeam "Havnin"]
[BlackTeam "Toftir"]
[WhiteTeamCountry "FAI"]
[BlackTeamCountry "FAI"]

1. Nf3 Nf6 2. g3 e6 3. Bg2 Be7 4. 0-0 d6 5. d4 Nbd7 6. b3 c5 7. Bb2 0-0 8. Nbd2 cxd4 9. Nxd4 Nc5 10. c4 e5 11. Nc2 Bd7 12. Ne3 Bc6 13. Qc2 Bxg2 14. Kxg2 g6 15. f4 exf4 16. Rxf4 Nh5 17. Rf3 f6 18. Raf1 Nd7 19. Qe4 Ne5 20. Qd5+ Kh8 21. R3f2 Qb6 22. Bd4 Qc6 23. Ne4 f5 24. Qxc6 bxc6 25. Nc3 Kg8 26. Rd1 Nf6 27. Rff1 Rfc8 28. c5 Nf7 29. cxd6 Nxd6 30. Kf3 Nfe4 31. Nxe4 Nxe4 32. Nc4 c5 33. Bb2 Rd8 34. Rd3 Kf7 35. Rfd1 Ke6 36. Na5 a6 37. Nc6 Rd6 38. Nxe7 Kxe7 39. Be5 Rxd3+ 40. exd3 Ng5+ 41. Ke3 Re8 42. Kf2 Rd8 43. Bc7 Rd5 44. Bf4 Ne6 45. Be3 Kf6 46. Ke2 g5 47. Rc1 f4 48. Bf2 h5 49. Rc4 fxg3 50. hxg3 Kf5 51. Ra4 Nd4+ 52. Kf1 Ne6 53. Rxa6 Rxd3 54. Ra5 Ke4 55. Ke2 Rc3 56. Kd2 Rd3+ 57. Ke2 Rc3 58. Kd2 Rd3+ 59. Ke2 Rc3 1/2-1/2

[Event "FAI-ch B"]
[Site "Torshavn"]
[Date "2013.03.30"]
[Round "9"]
[White "Olsen, Rogvi M"]
[Black "Jacobsen, Heidrikur Tindskar"]
[Result "1-0"]
[WhiteElo "2046"]
[BlackElo "1898"]
[PlyCount "73"]
[EventDate "2013.03.23"]
[EventType "tourn"]
[EventRounds "9"]
[EventCountry "FAI"]
[SourceTitle "EXT 2015"]
[Source "ChessBase"]
[SourceDate "2014.11.20"]
[SourceVersion "1"]
[SourceVersionDate "2014.11.20"]
[SourceQuality "1"]

1. e4 d6 2. d4 g6 3. Nc3 Bg7 4. Be3 Nc6 5. Be2 e5 6. dxe5 Bxe5 7. Qd2 f5 8. Nf3 Bg7 9. exf5 Bxf5 10. Nd4 Nxd4 11. Bxd4 Nf6 12. g4 Bxg4 13. Bxg4 Nxg4 14. Bxg7 Rg8 15. Bd4 Qh4 16. 0-0-0 0-0-0 17. h3 Nh6 18. Nd5 Rdf8 19. Bf6 Rxf6 20. Nxf6 Rf8 21. Ng4 Nf5 22. Rde1 h5 23. Ne3 Nd4 24. Nd5 Rxf2 25. Qe3 Rxc2+ 26. Kb1 b6 27. Rd1 Rc4 28. b3 Nxb3 29. axb3 Re4 30. Qc3 c5 31. Qf3 Re5 32. Qf4 Qd8 33. Nc3 Qe8 34. Rxd6 b5 35. Rhd1 Kb7 36. Qf3+ Kc7 37. Nxb5+ 1-0

[Event "FAI-ch B"]
[Site "Torshavn"]
[Date "2013.03.29"]
[Round "8"]
[White "Andreasen, Jakup a Rogvi"]
[Black "Olsen, Rogvi M"]
[Result "1-0"]
[WhiteElo "1979"]
[BlackElo "2046"]
[PlyCount "77"]
[EventDate "2013.03.23"]
[EventType "tourn"]
[EventRounds "9"]
[EventCountry "FAI"]
[SourceTitle "EXT 2015"]
[Source "ChessBase"]
[SourceDate "2014.11.20"]
[SourceVersion "1"]
[SourceVersionDate "2014.11.20"]
[SourceQuality "1"]

1. Nf3 d5 2. g3 Nf6 3. Bg2 e6 4. 0-0 Be7 5. d4 Nbd7 6. b3 0-0 7. c4 c6 8. Nc3 Bb4 9. Bb2 b6 10. Nd2 Bb7 11. e4 dxe4 12. Ndxe4 Nxe4 13. Nxe4 Rc8 14. c5 Ba6 15. a3 Bxf1 16. Bxf1 Nxc5 17. dxc5 Qxd1 18. Rxd1 Bxc5 19. Nxc5 bxc5 20. Be5 Rfd8 21. Rxd8+ Rxd8 22. Bc4 Kf8 23. Bf4 Ke7 24. Bg5+ f6 25. Be3 Rd1+ 26. Kg2 Kd6 27. Bf4+ e5 28. Be3 a5 29. a4 h6 30. h4 f5 31. Kf3 Rb1 32. Bd2 e4+ 33. Ke3 g5 34. hxg5 hxg5 35. Bxa5 Rb2 36. Bd8 f4+ 37. gxf4 gxf4+ 38. Kxf4 Rxf2+ 39. Kxe4 1-0

[Event "FAI-ch B"]
[Site "Torshavn"]
[Date "2013.03.28"]
[Round "7"]
[White "Olsen, Rogvi M"]
[Black "Jacobsen, Suni"]
[Result "1/2-1/2"]
[WhiteElo "2046"]
[BlackElo "1857"]
[PlyCount "34"]
[EventDate "2013.03.23"]
[EventType "tourn"]
[EventRounds "9"]
[EventCountry "FAI"]
[SourceTitle "EXT 2015"]
[Source "ChessBase"]
[SourceDate "2014.11.20"]
[SourceVersion "1"]
[SourceVersionDate "2014.11.20"]
[SourceQuality "1"]

1. e4 e6 2. d4 d5 3. e5 c5 4. c3 Nc6 5. Nf3 Qb6 6. a3 Be7 7. b4 cxd4 8. cxd4 Bd7 9. Be2 a6 10. Nc3 Na7 11. Na4 Qc6 12. Nc5 Bxc5 13. dxc5 Ne7 14. Nd4 Qc7 15. f4 Nac6 16. Be3 Nxd4 17. Bxd4 g6 1/2-1/2

[Event "FAI-chT2 1213"]
[Site "Faroe Islands"]
[Date "2013.03.09"]
[Round "10.3"]
[White "Olsen, Rogvi M"]
[Black "Jacobsen, Runi Tindskard"]
[Result "1-0"]
[WhiteElo "2046"]
[BlackElo "1469"]
[PlyCount "43"]
[EventDate "2012.10.28"]
[EventType "team-tourn"]
[EventRounds "10"]
[EventCountry "FAI"]
[SourceTitle "EXT 2014"]
[Source "ChessBase"]
[SourceDate "2013.11.20"]
[SourceVersion "1"]
[SourceVersionDate "2013.11.20"]
[SourceQuality "1"]
[WhiteTeam "Toftir"]
[BlackTeam "Havnin II"]
[WhiteTeamCountry "FAI"]
[BlackTeamCountry "FAI"]

1. e4 e5 2. Nf3 Nc6 3. Bb5 a6 4. Ba4 b5 5. Bb3 Bc5 6. c3 Nf6 7. 0-0 h6 8. d4 exd4 9. cxd4 Bb6 10. e5 Nh7 11. Nc3 0-0 12. Nd5 Ba7 13. Bc2 Re8 14. Qd3 Nf8 15. Bxh6 gxh6 16. Nf6+ Kh8 17. Qd2 Kg7 18. Nh5+ Kg8 19. Qxh6 Ne6 20. Bh7+ Kh8 21. Bf5+ Kg8 22. Bxe6 1-0